000 01526nam a2200361 a 4500
001 ebr10019118
003 CaPaEBR
006 m u
007 cr cn|||||||||
008 920331s1993 nyu sb 001 0 eng
010 _z 92013356
020 _z0791412555 (alk. paper)
020 _z0791412563 (pbk. : alk. paper)
040 _aCaPaEBR
_cCaPaEBR
035 _a(OCoLC)614678152
050 1 4 _aGF27
_b.B69 1993eb
082 0 4 _a304.2/071/073
_220
100 1 _aBowers, C. A.
245 1 0 _aEducation, cultural myths, and the ecological crisis
_h[electronic resource] :
_btoward deep changes /
_cC.A. Bowers.
260 _aAlbany, N.Y. :
_bState University of New York Press,
_cc1993.
300 _a232 p.
490 1 _aSUNY series in the philosophy of education
504 _aIncludes bibliographical references (p. [219]-228) and index.
533 _aElectronic reproduction.
_bPalo Alto, Calif. :
_cebrary,
_d2013.
_nAvailable via World Wide Web.
_nAccess may be limited to ebrary affiliated libraries.
650 0 _aEnvironmental ethics
_zUnited States.
650 0 _aEducational anthropology
_zUnited States.
650 0 _aEnvironmental education
_zUnited States.
650 0 _aEnvironmental protection
_xStudy and teaching
_zUnited States.
655 7 _aElectronic books.
_2local
710 2 _aebrary, Inc.
830 0 _aSUNY series in philosophy of education.
856 4 0 _uhttp://site.ebrary.com/lib/rucke/Doc?id=10019118
_zAn electronic book accessible through the World Wide Web; click to view
999 _c9205
_d9205